Rok se svatými

Na minha lista:
Detalhes bibliográficos
Main Authors: Schauber, Vera (Author), Schindler, Hanns Michael (Author)
Formato: Livro
Idioma:tcheco
Publicado em: Kostelní Vydří : Karmelitánské nakladatelství, 1994
Edição:1. vyd.
Assuntos:
Tags: Adicionar Tag
Sem tags, seja o primeiro a adicionar uma tag!

MARC

LEADER 00000nam a22000003a 4500
001 stu13482
005 20150617225759.6
008 960515s1994----xr------------------cze-d
040 |a STU  |b slo 
041 0 |a cze 
044 |a xr 
100 1 |a Schauber, Vera  |4 aut 
245 1 |a Rok se svatými 
250 |a 1. vyd. 
260 |a Kostelní Vydří :  |b Karmelitánské nakladatelství,  |c 1994 
300 |a 702 s 
650 7 |a architektúra-dejiny  |2 stusub 
700 1 |a Schindler, Hanns Michael  |4 aut 
996 |b 284AU02229  |c A*2890 U  |l AAKNST  |s P  |a 0  |w stu13482_0001